We should all be feminists.
Gespeichert in:
| 1. Verfasser: | |
|---|---|
| Format: | Unbekannt |
| Veröffentlicht: |
London, United Kingdom:
Fourth Estate,
2014.
|
| Schlagworte: | |
| Tags: |
Tag hinzufügen
Keine Tags, Fügen Sie den ersten Tag hinzu!
|
MARC
| LEADER | 00000 a2200000 4500 | ||
|---|---|---|---|
| 003 | CL-VaPUC | ||
| 005 | 20221201173011.0 | ||
| 008 | 221128t2014 ||||| |||| 00| 0 eng d | ||
| 999 | |c 439194 |d 439192 | ||
| 020 | |a 978-0008115272 | ||
| 040 | |c Pontificia Universidad Católica de Valparaíso | ||
| 082 | 7 | |a 305.42 ADI 2014 |2 22 | |
| 100 | |a Adichie, Chimamanda Ngozi |9 600349 |e author | ||
| 245 | |a We should all be feminists. | ||
| 260 | |a London, United Kingdom: |b Fourth Estate, |c 2014. | ||
| 300 | |a 52 páginas. | ||
| 583 | |k GC |c 20221128 | ||
| 650 | |a Feminismo |x Ensayos |9 878771 | ||
| 650 | |a Sociedad |x Feminismo |9 878772 | ||
| 942 | |2 ddc |c BK | ||
| 952 | |0 0 |1 0 |2 ddc |4 0 |6 305_420000000000000_ADI_2014 |7 0 |8 A |9 587938 |a BIBEDU |b BIBEDU |c GEN |d 2022-11-25 |e 74 |g 8464.00 |i 5655803 |o 305.42 ADI 2014 |p 5655803 |r 2022-11-25 |t 2 |v 8464.00 |w 2022-11-25 |y BK |k LIT | ||
| 952 | |0 0 |1 0 |2 ddc |4 0 |6 305_420000000000000_ADI_2014 |7 0 |8 A |9 587939 |a BIBEDU |b BIBEDU |c GEN |d 2022-11-25 |e 74 |g 8464.00 |i 5655802 |o 305.42 ADI 2014 |p 5655802 |r 2022-11-25 |t 1 |v 8464.00 |w 2022-11-25 |y BK |k LIT | ||
| 952 | |0 0 |1 0 |2 ddc |4 0 |6 305_420000000000000_ADI_2014 |7 0 |8 A |9 588087 |a BIBEDU |b BIBEDU |c GEN |d 2022-12-01 |e 74 |g 8464.00 |i 5655912 |l 2 |o 305.42 ADI 2014 |p 5655912 |r 2023-03-15 |s 2023-03-15 |t 3 |v 8464.00 |w 2022-12-01 |y BK |k LIT | ||